000 01112cam a2200325 a 4500
001 51629
003 BD-RjUL
005 20211209075706.0
008 160831s1969 enk b 001 0 eng d
020 _a0521073685
035 _a(OCoLC)22548
035 _aBD-RjUL51749
040 _aLC
_beng
_cLC
_dNU
_dANL
041 _aeng
082 0 0 _a519.1
_bWAS 1969
100 1 _aWasan, M. T.
_9154325
245 1 0 _aStochastic approximation /
_cby M. T. Wasan.
260 _aLondon :
_bCambridge U.P.,
_c1969.
300 _ax, 202 p. ;
_c23 cm.
490 1 _aCambridge tracts in mathematics and mathematical physics ;
_vno. 58.
504 _aBibliography: p. 195-199.
650 0 _aStochastic approximation.
_9154326
650 0 _aApproximation theory.
_9153079
830 0 _aCambridge tracts in mathematics and mathematical physics ;
_vno. 58.
_9154328
856 4 2 _3Publisher description
_uhttp://www.loc.gov/catdir/description/cam041/69011150.html
856 4 1 _3Table of contents
_uhttp://www.loc.gov/catdir/toc/cam051/69011150.html
942 _2ddc
_cBK
999 _c51629
_d51629